<?xml version="1.0" encoding="UTF-8"?>
<record
    xmlns:xsi="http://www.w3.org/2001/XMLSchema-instance"
    xsi:schemaLocation="http://www.loc.gov/MARC21/slim http://www.loc.gov/standards/marcxml/schema/MARC21slim.xsd"
    xmlns="http://www.loc.gov/MARC21/slim">

  <leader>00510nam a22001817a 4500</leader>
  <controlfield tag="005">20250320115833.0</controlfield>
  <controlfield tag="008">250320b        |||||||| |||| 00| 0 eng d</controlfield>
  <datafield tag="020" ind1=" " ind2=" ">
    <subfield code="a">9780070663602</subfield>
  </datafield>
  <datafield tag="050" ind1=" " ind2=" ">
    <subfield code="a">HD31</subfield>
    <subfield code="b">KAS</subfield>
  </datafield>
  <datafield tag="100" ind1=" " ind2=" ">
    <subfield code="a">Kast, Fremont E.</subfield>
  </datafield>
  <datafield tag="245" ind1=" " ind2=" ">
    <subfield code="a">Organization management; </subfield>
    <subfield code="b">a systems and contingency approach</subfield>
  </datafield>
  <datafield tag="250" ind1=" " ind2=" ">
    <subfield code="a">4th</subfield>
  </datafield>
  <datafield tag="260" ind1=" " ind2=" ">
    <subfield code="a">New York</subfield>
    <subfield code="b">McGraw-Hill Book Company</subfield>
    <subfield code="c">c1985</subfield>
  </datafield>
  <datafield tag="300" ind1=" " ind2=" ">
    <subfield code="a">xiii, 716p</subfield>
  </datafield>
  <datafield tag="500" ind1=" " ind2=" ">
    <subfield code="a">includes subject index</subfield>
  </datafield>
  <datafield tag="700" ind1=" " ind2=" ">
    <subfield code="a">Rosenzweig, James E.</subfield>
  </datafield>
  <datafield tag="942" ind1=" " ind2=" ">
    <subfield code="2">lcc</subfield>
    <subfield code="c">BK</subfield>
    <subfield code="n">0</subfield>
  </datafield>
  <datafield tag="999" ind1=" " ind2=" ">
    <subfield code="c">5003</subfield>
    <subfield code="d">5003</subfield>
  </datafield>
  <datafield tag="952" ind1=" " ind2=" ">
    <subfield code="0">0</subfield>
    <subfield code="1">0</subfield>
    <subfield code="2">lcc</subfield>
    <subfield code="4">0</subfield>
    <subfield code="7">0</subfield>
    <subfield code="8">NFIC</subfield>
    <subfield code="a">CUL1</subfield>
    <subfield code="b">CUL1</subfield>
    <subfield code="c">GEN</subfield>
    <subfield code="d">2025-03-20</subfield>
    <subfield code="l">0</subfield>
    <subfield code="o">HD31 KAS</subfield>
    <subfield code="p">ulct00001828</subfield>
    <subfield code="r">2025-03-20 12:00:04</subfield>
    <subfield code="t">1</subfield>
    <subfield code="w">2025-03-20</subfield>
    <subfield code="y">BK</subfield>
  </datafield>
  <datafield tag="952" ind1=" " ind2=" ">
    <subfield code="0">0</subfield>
    <subfield code="1">0</subfield>
    <subfield code="2">lcc</subfield>
    <subfield code="4">0</subfield>
    <subfield code="7">0</subfield>
    <subfield code="8">NFIC</subfield>
    <subfield code="a">CUL1</subfield>
    <subfield code="b">CUL1</subfield>
    <subfield code="c">GEN</subfield>
    <subfield code="d">2025-03-20</subfield>
    <subfield code="l">0</subfield>
    <subfield code="o">HD31 KAS</subfield>
    <subfield code="p">ulct00001829</subfield>
    <subfield code="r">2025-03-20 12:00:04</subfield>
    <subfield code="t">2</subfield>
    <subfield code="w">2025-03-20</subfield>
    <subfield code="y">BK</subfield>
  </datafield>
</record>
